000 01428nam a22003257a 4500
005 20110518124455.0
008 110518t xxu||||| |||| 00| 0 eng d
010 _aENG-102488
020 _a9788190891875
_c795.00
035 _aEN-86021
037 _bDBAD/PUB
040 _adpl
_bEng
082 _a297.4380954
100 _925528
245 _aGināns :
_cedited by Tazim R. Kassam [and] Françoise Mallison
_b texts and contexts : essays on Ismaili hymns from South Asia in honour of Zawahir Moir /
250 _aRev. ed
260 _aDelhi
_bPrimus Books
_c2010
270 _aVirat Bhavan, Mukherjee Nagar Commercial Complex
_bDelhi
_e110009
300 _axxvi, 225 p., [1] leaf of plate :
_c25 cm (Hb)
_bcol. ill.
_e1 CD -ROM
500 _a Includes bibliographical references and index.
500 _aBased on presentations at a conference on Apr. 6-7, 2002 in France
546 _aIncludes Gināns text in Gujarati and Urdu
_b(roman)
650 _aGinans
_928151
_xHistory and criticism
_vCongresses.
650 _aIndic poetry
_x History and criticism
_928152
_vCongresses.
700 _aMoir, Zawahir
_928153
700 _aKassam, Tazim R
_928154
700 _aMallison, Françoise
_928155
942 _2ddc
_cEN
_h297.4380954
_mGIN
999 _c52470
_d52470